Ekonomické aspekty a výhody inteligentných miest bakalárska práca

Salvato in:
Dettagli Bibliografici
Autore principale: Olexová, Eva
Ente Autore: Podnikovohospodárska fakulta EU so sídlom v Košiciach. Katedra kvantitatívnych metód
Altri autori: Závadský, Cyril, 1971-
Natura: Libro
Lingua:slovacco
Pubblicazione: Košice 2025
Tags: Aggiungi Tag
Nessun Tag, puoi essere il primo ad aggiungerne!!

MARC

LEADER 00000nbm a2200000 4500
001 0312228
005 20260210133339.1
041 0 |a slo 
044 |a SK 
245 1 0 |a Ekonomické aspekty a výhody inteligentných miest  |b bakalárska práca  |c Eva Olexová ; školiteľ: Cyril Závadský 
264 1 |a Košice  |c 2025 
300 |a 47 s. 
100 1 |a Olexová, Eva 
700 1 |a Závadský, Cyril, 1971- 
710 2 |a Podnikovohospodárska fakulta EU so sídlom v Košiciach. Katedra kvantitatívnych metód